00536cam a22002057a 4500003000500000005001700005008004100022010001000063011001000073035001000083040000900093082002100102100002100123245003600144260002900180300001100209490003600220650003800256830003600294CHAP20220329140520.0971013s1966 r 00010 d a53182 a54154 a58304 cCHAP a080bS4Y v.21-2200aRoss, Stanley R. 0aIs the Mexican Revolution dead? aNew York :bKnopf,c1966 a255 p. 0aA borbozi book in Latin America14aMéxicoxHistoriaxRevolución.0 aA borbozi book in Latin America